000 00475nam a2200121Ia 4500
008 130320s9999 xx 000 0 und d
100 _aSmitha Baby
245 _aInventory and financial management for Kerala education grid project management portal
502 _bMCA
_dEXT
_eElizabeth Sherly
_fRevathy A (Noorul Islam College of Engineering)
_hMaharaja College for Women, Perundurai
650 _aEDUCATION
650 _aONLINE INFORMATION RETERIVAL
650 _aEDUCATIONAL GRID
999 _c2679
_d2679